00587nam a2200205Ia 4500003000900000008004100009040001300050040001300063041000800076100001800084245002800102250001200130260001200142260000900154300000800163490000600171942000700177999001300184952018400197IT-RoPAU120407s9999 xx 000 0 und d aIT-RoPAU cIT-RoPAU aita aRichard Adams aLa collina dei conigli. aMilano  aRizzoli c1976 c cm v1 cBK c395d395 00102ddc406820_00000000000000071aPAULUSbPAULUSd2012-04-11l0o820.0r2012-04-11 00:00:00w2012-04-11yBKzInserito da: Anna In data: n.d. fondo: Via A.Severo 56 Progr:18761